Pokemon by Pokedex Entry - Kanto - Statistics

General Stats
  • This quiz has been taken 13 times
  • The average score is 16 of 151
Answer Stats
Hint Answer % Correct
Sometimes, on a dark night, your shadow thrown by a streetlight will suddenly and startlingly overtake you. It is actually a ***** running past you, pretending to be your shadow. Gengar
86%
Very powerful in spite of its small size. Its mastery of many types of martial arts makes it very tough. Machop
86%
It is recognized by its rock-hard hide and its extended horn. Be careful with the horn, as it contains venom. Nidoking
86%
Using its psychic power is such a strain on its brain that it needs to sleep for 18 hours a day. Abra
57%
It can be spotted near recreational facilities, intending to eat the pleasant dreams of children who enjoyed themselves there that day. Drowzee
57%
Its irregularly configured DNA is affected by its surroundings. It evolves if its environment changes. Eevee
57%
Flitting around in the dead of night, it sinks its fangs into its prey and drains a nearly fatal amount of blood. Golbat
57%
It swims elegantly by flittering its tail fin as if it were a dress. It has the look of a queen. Goldeen
57%
When its huge eyes waver, it sings a mysteriously soothing melody that lulls its enemies to sleep. Jigglypuff
57%
It unleashes electric shocks that can reach 100,000 volts. When agitated, it can knock out even an Indian elephant. Raichu
57%
It was discovered when Poké Balls were introduced. It is said that there is some connection. Voltorb
57%
Extremely powerful, they can dig through even the hardest ground to a depth of over 60 miles. Dugtrio
43%
It is virtually worthless in terms of both power and speed. It is the most weak and pathetic Pokémon in the world. Magikarp
43%
It scatters toxic spores from the mushroom cap. In China, the spores are used as herbal medicine. Parasect
43%
It collects data and plans three times as wisely, but it may think too much and fall into a state of immobility. Dodrio
29%
It always hides in grass. When first born, it has no poison, so its bite is painful, but harmless. Ekans
29%
It is dangerous. If it has too much electricity and has nothing to do, it amuses itself by exploding. Electrode
29%
When its fur stands on end, that's a sign it's about to give off a jolt of electricity. Take care, as sometimes lightning strikes next to it, too. Jolteon
29%
It is hatched with the ability to defy gravity. It floats while emitting powerful electromagnetic waves. Magnemite
29%
They thump their bones rhythmically to communicate among themselves. There are nearly 50 different rhythmic patterns. Marowak
29%
Emanations from its fingertips solidify the air into invisible walls that repel even harsh attacks. Mr. Mime
29%
A common sight in forests and woods. It flaps its wings at ground level to kick up blinding sand. Pidgey
29%
This strong and skilled swimmer is even capable of crossing the Pacific Ocean just by kicking. Poliwrath
29%
Its poison stinger is very powerful. Its bright-colored body is intended to warn off its enemies. Weedle
29%
***** has large, saucer-like eyes. The surfaces of its eyes are always covered with a thin layer of tears. If any dust gets in this Pokémon's eyes, it is quickly washed away. Wigglytuff
29%
This Pokémon can control ice at will. ***** is said to live in snowy mountains riddled with permafrost. Articuno
14%
***** is extremely territorial. No one should ever approach its nest - this is for their own safety. If angered, they will attack in a furious swarm. Beedrill
14%
Its wings can carry this Pokémon close to an altitude of 4,600 feet. It blows out fire at very high temperatures. Charizard
14%
It has a preference for hot things. When it rains, steam is said to spout from the tip of its tail. Charmander
14%
On every night of a full moon, they come out to play. When dawn arrives, the tired Clefairy go to sleep nestled up against each other in deep and quiet mountains. Clefairy
14%
***** pines for the mother it will never see again. Seeing a likeness of its mother in the full moon, it cries. The stains on the skull the Pokémon wears are made by the tears it sheds. Cubone
14%
It is called the Walking Jungle. Each of the nuts has a face and a will of its own. Exeggutor
14%
If anyone tries to disturb where the essential plant sticks grow, it uses its own stick to thwart them. Farfetch'd
14%
It's tough and has excellent stamina. It has no problem flying continuously for a whole day carrying a heavy load. Fearow
14%
It has a flame bag inside its body. After inhaling deeply, it blows out flames of nearly 3,100 degrees Fahrenheit. Flareon
14%
It's said that gas emanating from a graveyard was possessed by the grievances of the deceased and thus became a Pokémon. Gastly
14%
If you get the feeling of being watched in darkness when nobody is around, ***** is there. Haunter
14%
It is also called the Kick Master. It uses its elastic legs to execute every known kick. Hitmonlee
14%
The bulb on its back grows as it absorbs nutrients. The bulb gives off a pleasant aroma when it blooms. Ivysaur
14%
It swims freely through water. It catches prey with its scythe-like arms and drains the victim's fluids. Kabutops
14%
It happened one morning - a boy with extrasensory powers awoke in bed transformed into *****. Kadabra
14%
In battle, it blows out intense flames from all over its body to intimidate its foe. These fiery bursts create heat waves that ignite grass and trees in the area. Magmar
14%
When it starts shaking and its nasal breathing turns rough, it's a sure sign of anger. However, since this happens instantly, there is no time to flee. Mankey
14%
A Pokémon of South America that was thought to have been extinct. It is very intelligent and learns any move. Mew
14%
Because its battle abilities were raised to the ultimate level, it thinks only of defeating its foes. Mewtwo
14%
During the day, it keeps its face buried in the ground. At night, it wanders around sowing its seeds. Oddish
14%
As its body grows, large mushrooms named tochukaso start sprouting out of its back. Paras
14%
It spreads its gorgeous wings widely to intimidate enemies. It races through the skies at Mach-2 speed. Pidgeot
14%
It raises its tail to check its surroundings. The tail is sometimes struck by lightning in this pose. Pikachu
14%
Despite the danger, it wants to come up on land. So it does its best to waddle along, but when an enemy finds it, it rushes back to the water. Poliwag
14%
It has been known to become so angry that it dies as a result. Its face looks peaceful in death, however. Primeape
14%
If it uses its mysterious power, ***** can't remember having done so. It apparently can't form a memory of such an event because it goes into an altered state that is much like deep sleep. Psyduck
14%
It can remember only one thing at a time. Once it starts rushing, it forgets why it started. Rhyhorn
14%
These violent Pokémon fight with other members of their herd in order to prove their strength. Tauros
14%
When the tide goes out, dehydrated ***** remains can be found washed up on the shore. Tentacool
14%
Its cell composition is similar to water molecules. As a result, it can't be seen when it melts away into water. Vaporeon
14%
While it basks in the sun, it can convert the light into energy. As a result, it is more powerful in the summertime. Venusaur
14%
This Pokémon has complete control over electricity. There are tales of ***** nesting in the dark depths of pitch-black thunderclouds. Zapdos
14%
Capable of flying safely in dark places, it emits ultrasonic cries to check for any obstacles. Zubat
14%
This vicious Pokémon is said to have flown in ancient skies while shrieking high-pitched cries. Aerodactyl
0%
Its superb memory lets it recall everything it has experienced from birth. Its IQ exceeds 5,000. Alakazam
0%
Transfixing prey with the face-like pattern on its belly, it binds and poisons the frightened victim. Arbok
0%
Overflowing with beauty and majesty, this strong Pokémon appears in ancient Eastern folklore. Arcanine
0%
It prefers hot and humid environments. It is quick at capturing prey with its vines. Bellsprout
0%
It deliberately makes itself heavy so it can withstand the recoil of the water jets it fires. Blastoise
0%
The seed on its back is filled with nutrients. The seed grows steadily larger as its body grows. Bulbasaur
0%
***** has a superior ability to search for delicious honey from flowers. It can even search out, extract, and carry honey from flowers that are blooming over six miles from its nest. Butterfree
0%
Its feet have suction cups designed to stick to any surface. It tenaciously climbs trees to forage. Caterpie
0%
Few in number and difficult to capture, it is said to bring happiness to the trainer who catches it. Chansey
0%
It has a barbaric nature. In battle, it whips its fiery tail around and slashes away with sharp claws. Charmeleon
0%
Its hearing is so acute it can hear a pin drop over half a mile away. It lives on quiet mountains. Clefable
0%
When attacked, it launches its horns in quick volleys. Its innards have never been seen. Cloyster
0%
Its streamlined body has little drag in water. The colder the temperature, the friskier it gets. Dewgong
0%
Its skin is very thin. If it is exposed to light, its blood heats up, causing it to grow weak. Diglett
0%
Its transformation ability is perfect. However, if made to laugh, it can’t maintain its disguise. Ditto
0%
Its heads never sleep at the same time—each one takes a turn keeping watch while the other sleeps, switching every hour or so. Doduo
0%
A mystical Pokémon that exudes a gentle aura. It is said to have the ability to change the weather. Dragonair
0%
It is said that this Pokémon lives somewhere in the sea and that it flies. However, it is only a rumor. Dragonite
0%
It sheds many layers of skin as it grows larger. During this process, it is protected by a rapid waterfall. Dratini
0%
While it's often blamed for power outages, the truth is the cause of outages is more often an error on the part of the electric company. Electabuzz
0%
Their shells are very durable. Even if they crack, they can survive without spilling their contents. Exeggcute
0%
Commonly found near mountain trails, etc. If you step on one by accident, it gets angry. Geodude
0%
A horribly noxious honey drools from its mouth. One whiff of the honey can result in memory loss. Some fans are said to enjoy this overwhelming stink, however. Gloom
0%
When it swims at full speed using its long, webbed limbs, its forehead somehow begins to glow. Golduck
0%
It is said to live in volcanic craters on mountain peaks. Once a year, it sheds its hide and grows larger. The shed hide crumbles and returns to the soil. Golem
0%
With a free and uncaring nature, it doesn't mind if pieces break off while it rolls down mountains Graveler
0%
The wastewater coming from factories is clean these days, so ***** have nothing to eat. They're said to be on the verge of extinction. Grimer
0%
Its superb sense of smell ensures that this Pokémon won't forget any scent, no matter what. It uses its sense of smell to detect the emotions of others. Growlithe
0%
A tale is told of a town that angered *****. Before the sun rose the next day, flames utterly consumed the town, leaving not a trace behind. Gyarados
0%
he arm-twisting punches it throws pulverize even concrete. It rests after three minutes of fighting. Hitmonchan
0%
Known to shoot down flying bugs with precision blasts of ink from the surface of the water. Horsea
0%
As a matter of course, it makes anyone it meets fall asleep and has a taste of their dreams. Anyone having a good dream, it carries off. Hypno
0%
It seductively wiggles its hips as it walks. It can cause people to dance in unison with it. Jynx
0%
This species is almost entirely extinct. ***** molt every three days, making their shells harder and harder. Kabuto
0%
While awaiting evolution, it hides from predators under leaves and in nooks of branches. Kakuna
0%
To protect its young, it will never give up during battle, no matter how badly wounded it is. Kangaskhan
0%
***** has an enormous, oversized claw. It waves this huge claw in the air to communicate with others. However, because the claw is so heavy, the Pokémon quickly tires. Kingler
0%
Its body is full of poisonous gas. It floats into garbage dumps, seeking out the fumes of raw, rotting trash. Koffing
0%
If it senses danger approaching, it cloaks itself with bubbles from its mouth so it will look bigger. Krabby
0%
A gentle soul that can read the minds of people. It can ferry people across the sea on its back. Lapras
0%
If this Pokémon's sticky saliva gets on you and you don't clean it off, an intense itch will set in. The itch won't go away, either. Lickitung
0%
It can knock a train flying with a punch. However, it is terrible at delicate work using its fingers. Machamp
0%
The muscles covering its body teem with power. Even when still, it exudes an amazing sense of strength. Machoke
0%
Many mysteriously appear when more sunspots dot the sun. They stop TV sets from displaying properly. Magneton
0%
It is fascinated by round objects. It can't stop playing with them until it tires and falls asleep. Meowth
0%
Its hard shell doesn't crack a bit even if Pikipek pecks at it, but it will tip over, spilling out its insides. Metapod
0%
There are stories of this Pokémon using its radiant, flame-cloaked wings to light up paths for those lost in the mountains. Moltres
0%
As it moves, a very strong poison leaks from it, making the ground there barren for three years. Muk
0%
The body is covered by stiff, needlelike scales. If it becomes excited, the needles bristle outwards. Nidoqueen
0%
Its highly toxic barbs are thought to have developed as protection for this small-bodied Pokémon. When enraged, it releases a horrible toxin from its horn. Nidoran ♀
0%
It is small, but its horn is filled with poison. It charges then stabs with the horn to inject poison. Nidoran ♂
0%
When feeding its young, it first chews the food into a paste, then spits it out for the offspring. Nidorina
0%
Quick to anger, it stabs enemies with its horn to inject a powerful poison when it becomes agitated. Nidorino
0%
Legend has it that ***** came into being when nine wizards possessing sacred powers merged into one. This Pokémon is highly intelligent -it can understand human speech. Ninetales
0%
Revived from an ancient fossil, this Pokémon uses air stored in its shell to sink and rise in water. Omanyte
0%
Its tentacles are highly developed as if they are hands and feet. As soon as it ensnares prey, it bites. Omastar
0%
It squirms through the ground using its long and rugged body. It always eats while burrowing. Onix
0%
Its lithe muscles allow it to walk without making a sound. It attacks in an instant. Persian
0%
It immobilizes its prey using well-developed claws, then carries the prey more than 60 miles to its nest. Pidgeotto
0%
With its horns, it digs burrows to sleep in at night. In the morning, damp soil clings to its body. Pinsir
0%
Its body surface is always wet and slick with an oily fluid. Because of this greasy covering, it can easily slip and slide out of the clutches of any enemy in battle. Poliwhirl
0%
It can't run properly when it's newly born. As it races around with others of its kind, its legs grow stronger. Ponyta
0%
It was built 20 years ago by scientists who dreamed of exploring space. Their dreams have yet to come true. Porygon
0%
With incredible acceleration, it reaches its top speed of 150 mph after running just ten steps. Rapidash
0%
Its whiskers help it to maintain balance. Its fangs never stop growing, so it gnaws to pare them down. Raticate
0%
Its fangs are long and very sharp. They grow continuously, so it gnaws on hard things to whittle them down. Rattata
0%
Its horn, which rotates like a drill, destroys tall buildings with one strike. It stands on its hind legs, and its brain is well developed. Rhydon
0%
Its body is dry. When it gets cold at night, its hide is said to become coated with a fine dew. Sandshrew
0%
In an attempt to hide itself, it will run around at top speed to kick up a blinding dust storm. Sandslash
0%
When it moves, it leaves only a blur. If it hides in grass, its protective coloration makes it invisible. Scyther
0%
An examination of its cells revealed the presence of a gene not found in *****. It became a hot topic. Seadra
0%
In autumn, its body becomes more fatty in preparing to propose to a mate. It takes on beautiful colors. Seaking
0%
Covered with light blue fur, its hide is thick and tough. It is active in bitter cold of -40 degrees Fahrenheit. Seel
0%
The hardness of its shell surpasses the hardness of a diamond. In days gone by, people used the shells to make shields. Shellder
0%
Naturally dull to begin with, it lost its ability to feel pain due to ***** seeping poison. Slowbro
0%
Incredibly slow and dopey. It takes 5 seconds for it to feel pain when under attack. Slowpoke
0%
SoulSilver Its stomach's digestive juices can dissolve any kind of poison. It can even eat things off the ground. Snorlax
0%
Very protective of its territory, it flaps its short wings busily to dart around at high speed. Spearow
0%
***** shell is not merely used for protection. The shell's rounded shape and the grooves on its surface help minimize resistance in water, enabling this Pokémon to swim at high speeds. Squirtle
0%
Regardless of the environment it lives in, its body grows to form a symmetrical geometric shape. Starmie
0%
At night, the center of its body slowly flickers with the same rhythm as a human heartbeat. Staryu
0%
It tangles any moving thing with its vines. Their subtle shaking is ticklish if you get ensnared. Tangela
0%
It communicates with others of its kind by lighting up the red orbs on its head. When the orbs are blinking, it's a warning sign. Tentacruel
0%
It flutters its wings to scatter dustlike scales. The scales leach toxins if they contact skin. Venomoth
0%
Poison oozes from all over its body. It catches and eats small bugs at night that are attracted by light. Venonat
0%
Acid that has dissolved many prey becomes sweeter, making it even more effective at attracting prey. Victreebel
0%
It has the world's largest petals. With every step, the petals shake out heavy clouds of toxic pollen. Vileplume
0%
When it is born, it has just one snow-white tail. The tail splits from its tip as it grows older. Vulpix
0%
It is said to live 10,000 years. Its furry tail is popular as a symbol of longevity. Wartortle
0%
Even though it is filled with acid, it does not melt because it also oozes a protective fluid. Weepinbell
0%
It lives and grows by absorbing dust, germs and poison gases that are contained in toxic waste and garbage. Weezing
0%
No matching quizzes found
Score Distribution
Percent of People with Each Score
Percentile by Number Answered
Your Score History
You have not taken this quiz